| 000 | 01204nam a22004330a 4500 | ||
|---|---|---|---|
| 001 | UByD001000 | ||
| 003 | AR-LpoUNG | ||
| 005 | 20220926180728.0 | ||
| 008 | 220916s2006||||ag |||||||||||||||||spa d | ||
| 020 | _a9507428860 | ||
| 040 |
_aAR-LpoUNG _bspa _cAR-LpoUNG _eaacr |
||
| 041 | _aspa | ||
| 044 | _aag | ||
| 082 | 0 | _a982.067 478mun | |
| 100 | 1 | _aVerbitsky, Horacio | |
| 245 | 1 | 0 |
_aUn mundo sin periodistas : _blas tortuosas relaciones de Menem con la ley, la justicia y la verdad |
| 250 | _a1ra. ed. | ||
| 260 |
_aBuenos Aires : _bPlaneta, _c1997. |
||
| 300 |
_a430 p. : _bfot. |
||
| 590 |
_bp. 14-15, contiene: _aseñalador de lectura de "Librería Santa Fe". |
||
| 650 | 4 | _aARGENTINA | |
| 650 | 4 | _aANALISIS HISTORICO | |
| 650 | 4 | _aDOCUMENTOS | |
| 650 | 4 | _aHISTORIA POLITICA | |
| 650 | 4 | _aIDEOLOGIAS POLITICAS | |
| 650 | 4 | _aINVESTIGACION | |
| 650 | 4 | _aPARTIDOS POLITICOS | |
| 650 | 4 | _aPRESIDENTES | |
| 650 | 4 | _aPERIODISMO | |
| 650 | 4 | _aPRENSA | |
| 650 | 4 | _aETICA DE LA PRENSA | |
| 650 | 4 | _aHISTORIA | |
| 650 | 4 | _aDICTADURA | |
| 653 | _aMENEM, CARLOS SAUL | ||
| 653 | _aTESTIMONIOS | ||
| 653 | _aTERRORISMO DE ESTADO | ||
| 905 | _a34217 | ||
| 942 |
_cLIB _2ddc |
||
| 999 |
_c63618 _d63618 |
||